<?xml version="1.0" encoding="UTF-8"?>
<record
    xmlns:xsi="http://www.w3.org/2001/XMLSchema-instance"
    xsi:schemaLocation="http://www.loc.gov/MARC21/slim http://www.loc.gov/standards/marcxml/schema/MARC21slim.xsd"
    xmlns="http://www.loc.gov/MARC21/slim">

  <leader>00856cam a2200253 a 4500</leader>
  <controlfield tag="001">16280968</controlfield>
  <controlfield tag="003">OSt</controlfield>
  <controlfield tag="005">20240709134949.0</controlfield>
  <controlfield tag="007">co |g|||||||||</controlfield>
  <controlfield tag="008">100612s2010    ph      sl    000 0 eng  </controlfield>
  <datafield tag="010" ind1=" " ind2=" ">
    <subfield code="a">  2010338544</subfield>
  </datafield>
  <datafield tag="040" ind1=" " ind2=" ">
    <subfield code="a">DLC</subfield>
    <subfield code="c">DLC</subfield>
    <subfield code="d">DLC</subfield>
  </datafield>
  <datafield tag="042" ind1=" " ind2=" ">
    <subfield code="a">lcode</subfield>
    <subfield code="a">pcc</subfield>
  </datafield>
  <datafield tag="043" ind1=" " ind2=" ">
    <subfield code="a">a-ph---</subfield>
  </datafield>
  <datafield tag="050" ind1="0" ind2="0">
    <subfield code="a">KPM18</subfield>
    <subfield code="b">S87 2024</subfield>
  </datafield>
  <datafield tag="110" ind1="1" ind2=" ">
    <subfield code="a">Philippines.</subfield>
    <subfield code="b">Supreme Court.</subfield>
    <subfield code="9">7434</subfield>
  </datafield>
  <datafield tag="245" ind1="1" ind2="2">
    <subfield code="a">The Supreme Court reports annotated online / </subfield>
    <subfield code="h">[electronic resource].</subfield>
  </datafield>
  <datafield tag="260" ind1=" " ind2=" ">
    <subfield code="a">Quezon City :</subfield>
    <subfield code="b">Central Books, </subfield>
    <subfield code="c">c2024. </subfield>
  </datafield>
  <datafield tag="300" ind1=" " ind2=" ">
    <subfield code="a">online database </subfield>
  </datafield>
  <datafield tag="490" ind1="0" ind2=" ">
    <subfield code="a">E-library. Philippine laws</subfield>
  </datafield>
  <datafield tag="650" ind1=" " ind2="0">
    <subfield code="a">Law reports, digests, etc.</subfield>
    <subfield code="z">Philippines.</subfield>
    <subfield code="9">7294</subfield>
  </datafield>
  <datafield tag="856" ind1=" " ind2=" ">
    <subfield code="u">https://central.com.ph/e-scra/?wppb_referer_url=https%3A%2F%2Fcentral.com.ph%2Fdashboard%2F</subfield>
    <subfield code="y">Supreme Court Reports Annotated (online) </subfield>
  </datafield>
  <datafield tag="942" ind1=" " ind2=" ">
    <subfield code="2">lcc</subfield>
    <subfield code="c">ERESOURCES</subfield>
  </datafield>
  <datafield tag="999" ind1=" " ind2=" ">
    <subfield code="c">3449</subfield>
    <subfield code="d">3449</subfield>
  </datafield>
  <datafield tag="952" ind1=" " ind2=" ">
    <subfield code="0">0</subfield>
    <subfield code="1">0</subfield>
    <subfield code="2">lcc</subfield>
    <subfield code="4">0</subfield>
    <subfield code="7">0</subfield>
    <subfield code="a">OnlineSubs</subfield>
    <subfield code="b">OnlineSubs</subfield>
    <subfield code="c">E-BOOKS</subfield>
    <subfield code="d">2024-07-09</subfield>
    <subfield code="l">0</subfield>
    <subfield code="o">KPM18 S87 2024</subfield>
    <subfield code="r">2024-07-09 00:00:00</subfield>
    <subfield code="w">2024-07-09</subfield>
    <subfield code="y">ERESOURCES</subfield>
  </datafield>
</record>
